|
|
|
|
| LEADER |
00000cac a2200000 i 4500 |
| 003 |
Ucuenca |
| 005 |
20230308212734.0 |
| 006 |
a||||gr|||| 001 f |
| 007 |
ta |
| 008 |
000000r1951 gt gr|||| 001|f|spa a |
| 040 |
|
|
|b spa
|a UCuenca-cdrjbv
|c UCuenca
|e rda
|
| 041 |
0 |
|
|a spa
|
| 082 |
0 |
|
|2 21
|a G867
|c 23755
|
| 100 |
1 |
|
|a De Irisarri, Antonio José.
|d 1786-1868
|e autor
|9 266451
|
| 245 |
1 |
0 |
|a Historia del perínclito Epaminondas del Cauca.
|n Tomo 1 /
|c Antonio José de Irisarri, seud. Hilarón de Altagumea, prólogo por Manuel Galich.
|
| 250 |
|
|
|a Primera edición.
|
| 264 |
|
1 |
|a Guatemala:
|b Biblioteca de Cultura Popular,
|c 1951.
|
| 300 |
|
|
|a 347 páginas:
|c 18 cm
|
| 336 |
|
|
|2 rdacontent
|a texto
|b txt
|
| 337 |
|
|
|2 rdamedia
|a no mediado
|b n
|
| 338 |
|
|
|2 rdacarrier
|a volumen
|b nc
|
| 490 |
0 |
|
|a Biblioteca de Cultura Popular,
|v Volumen 14
|
| 500 |
|
|
|a Seud-onimo Hilarión de Altagumea
|
| 650 |
1 |
7 |
|2 UCuenca-cdrjbv
|9 6232
|a Literatura guatemalteca
|
| 651 |
|
|
|2 UCuenca-cdrjbv
|
| 700 |
1 |
|
|9 264331
|a Galich, Manuel.
|e prologuista
|
| 852 |
|
|
|a UC-CDJBV
|f Compra
|l 1
|m General
|p 00000000
|r 8
|t 23755
|b 0
|d CDRC
|e CDRC
|g G867 TERCER PISO
|z 0000-00-00
|
| 942 |
|
|
|2 ddc
|c CR
|r ivan.verdugo@ucuenca.edu.ec
|
| 999 |
|
|
|c 123054
|d 123054
|